- Jáuregui, Luis,
Entry Nombre Personal
001 - NUMERO DE CONTROL
- campo de control: 48914
003 - IDENTIFICADOR DE NUMERO DE CONTROL
- campo de control: DLC
005 - FECHA Y HORA DE LA ÜLTIMA TRANSACCIÓN
- campo de control: 20230516113138.0
008 - DATOS DE LONGITUD FIJA
- campo de control de longitud fija: 230516n| acannaabn |a aaa
010 ## - NÚMERO DE CONTROL DE LA BIBLIOTECA DEL CONGRESO
- Número de control LC: n 00111068
040 ## - FUENTE DE CATALOGACIÓN
- Agencia original de catalogación: DLC
- Lenguaje de catalogación: spa
- Agencia de transcripción: DLC
- Agencia que lo modifica: DLC
- Agencia que lo modifica: MX-MxUPN
046 ## - FECHAS CON CODIFICACIÓN ESPECIAL
- Fecha de nacimiento: 1956
100 1# - ENCABEZAMIENTO - NOMBRE PERSONAL
- Nombre personal: Jáuregui, Luis,
- Fechas asociadas con el nombre: 1956-
400 1# - VEÁSE - NOMBRE DE PERSONA
- Personal name: Jáuregui Frías, Luis Antonio,
- Dates associated with a name: 1956-
400 1# - VEÁSE - NOMBRE DE PERSONA
- Personal name: Frías, Luis Antonio Jáuregui,
- Dates associated with a name: 1956-
670 ## - FUENTE EN LA QUE SE LOCALIZARON DATOS
- Cita de la fuente: Jáuregui, Luis. La real hacienda de Nueva España, 1999:
- Información localizada: portada (Luis Jáuregui) página 4 de la cubierta (n. 1956 in Monterrey; prof. Fac. de economía)
670 ## - FUENTE EN LA QUE SE LOCALIZARON DATOS
- Cita de la fuente: Historia y nación, 1998:
- Información localizada: v. 2, portada (Luis Jáuregui) reverso de la portada (Mexican CIP data hdg.: Jáuregui Frías, Luis Antonio)
670 ## - FUENTE EN LA QUE SE LOCALIZARON DATOS
- Cita de la fuente: Finanzas y política en el mundo iberoamericano, 2001:
- Información localizada: portada (Luis Jáuregui) página 9 (Instituto Mora)
670 ## - FUENTE EN LA QUE SE LOCALIZARON DATOS
- Cita de la fuente: Email from L. Jáuregui, May 21, 2002
- Información localizada: (Luis Jáuregui; editor of Historia y nación, La industria mexicana y su historia, and Hacienda y política)
902 ## - CATALOGADOR
- Catalogador: NDAF/160523
